Learning wireless Java /

Bibliographic Details
Main Author: Mahmoud, Qusay H., 1971-
Format: Book
Language:English
Published: Sebastopol, CA : O'Reilly, [2002]
Edition:1st ed.
Subjects:

MARC

Tag First Indicator Second Indicator Subfields
LEADER 00000cam a2200000Ia 4500
001 in00001663806
005 20151024121207.0
008 011226s2002 caua 001 0 eng d
020 |a 0596002432 
035 |a (OCoLC)ocm48664441 
040 |a WIY  |c WIY  |d CUS  |d TXA  |d UtOrBLW 
049 |a TXAM 
090 |a TK5103.2  |b .M33 2002 
096 |a TK 5103.2  |b M33 2002 
100 1 |a Mahmoud, Qusay H.,  |d 1971- 
245 1 0 |a Learning wireless Java /  |c Qusay H. Mahmoud. 
250 |a 1st ed. 
264 1 |a Sebastopol, CA :  |b O'Reilly,  |c [2002] 
264 4 |c ©2002 
300 |a xiii, 245 pages :  |b illustrations ;  |c 24 cm. 
336 |a text  |b txt  |2 rdacontent 
337 |a unmediated  |b n  |2 rdamedia 
338 |a volume  |b nc  |2 rdacarrier 
500 |a Includes index. 
500 |a "Help for new J2ME developers"--Cover. 
500 |a "Covers Motorola and Palm hardware"--Cover. 
650 0 |a Wireless communication systems. 
650 0 |a Java (Computer program language) 
948 |a cataloged  |b h  |c 2002/2/27  |d c  |e mphillip  |f 11:23:27 am 
994 |a E0  |b TXA 
999 |a MARS 
999 f f |s cbe35c7b-064f-345d-8bfc-fa3894497fda  |i 6e2dc1c2-5e9d-3a7f-a973-6d49faf42b25  |t 0 
952 f f |p ric  |a Texas A&M University  |b Rellis Campus  |c Joint Library Facility  |d Remote Storage  |t 0  |e TK5103.2 .M33 2002  |h Library of Congress classification  |i unmediated -- volume  |m A14828446439 
998 f f |a TK5103.2 .M33 2002  |t 0  |l Remote Storage